000 00890nam a2200253Ia 4500
003 OSt
005 20221005112319.0
006 a|||||r|||| 00| 0
007 ta
008 221004b |||||||| |||| 00| 0 pan d
020 _a9788178563947 (hbk)
_c250
024 _a26577
037 _b979, 16/12/2015, H.K. Prakashan
_cTextual
040 _aCRL
_cCRL
_bpan
041 _2pan
_apan
082 _aY:351.243, 153Q3
100 _aਗਿੱਲ, ਰੁਪਿੰਦਰਜੀਤ
245 0 _aਵਿਆਹ
_b ਰਸਮਾਂ ਅਤੇ ਲੋਕ ਗੀਤ
260 _aਅੰਮ੍ਰਿਤਸਰ
_bਵਾਰਿਸ Fਾਹ ਭਾਰਤ
_c2013
300 _a160ਪੰ
_ccm.
650 _aਸਮਾਜ Fਾਸਤਰ
942 _hY:351.243, 153Q3
_cTEXL
_2cc
999 _c1024518
_d1024518